| 000 | 00668nam a2200205Ia 4500 | ||
|---|---|---|---|
| 999 |
_c20238 _d20238 |
||
| 082 | _aRC.0106 | ||
| 100 | _aChatterjee, Suhas | ||
| 245 | 0 | _aSocio economic history of Barak Valley (1765-1873) | |
| 260 |
_c1996 _bIndian Council of Social Science Research, New Delhi |
||
| 300 | _a322p. | ||
| 504 | _aBibliography at the end | ||
| 650 | _aASSAM///CACHAR | ||
| 650 | _aBARAK VALLEY - SOCIO-ECONOMIC CONDITIONS | ||
| 650 | _aASSAM - SOCIO-ECONOMIC CONDITIONS | ||
| 650 | _aTRIBES AND TRIBALS - ASSAM - BARAK VALLEY | ||
| 650 | _aBARAK VALLEY - HISTORY - 1765-1873 | ||
| 650 | _aCACHAR - SOCIAL CONDITIONS | ||
| 650 | _aASSAM///BARAK VALLEY | ||
| 942 |
_cRP _2ddc |
||